00448nam a2200133 a 450000500170000000800410001705000230005824500280008126000280010930000090013744000350014699900190018195201140020020140412111326.0101228s19uu xx 00 eng d aREF 030bD632 1999 aDance, Drama and Music. aChina :bDisney,c1999. a57p. aDisney Children's Encyclopedia c104641d104641 001040aELbELcREFd2010-12-28eLib. Fundl0oREF 030 D632 1999pE8400r2014-04-12 00:00:00w2014-04-12yBK